00321 a2200121 450000100060000002000180000604000260002410000300005024000420008024500370012236200090015965000310016848555 a9788568054031 cAnchieta - Bela Vista aMuquy, Danielle Felicetti10aCachorro preto! Cachorro branco!lpor10aCachorro preto! Cachorro branco!0 a2016 4aLiteratura infanto-juvenil